Tous les vainqueurs de la Série A - Statistiques

Statistiques générales
  • Ce quiz a été pris 201 fois
  • Le résultat moyen est 8 sur 17
Statistiques - réponses
Nombres de fois vainqueurs Réponse % Correct
36 Juventus
99%
19 AC Milan
98%
19 Inter Milan
98%
2 Naples
88%
3 Roma
78%
2 Lazio Rome
70%
2 Fiorentina
63%
8 Torino
57%
1 Sampdoria
41%
9 Genoa
39%
1 Cagliari
26%
7 Bologna
17%
1 Hellas Verona
8%
1 Novese
2%
7 Vercelli
2%
1 Casale
1%
1 Spezia Calcio
1%
Aucun quiz correspondant
Distribution des résultats
% des personnes avec chaque résultat
Percentile par nombre de réponses
Votre historique - résultats
Vous n’avez pas pris ce quiz